[Event "Budapest FS04 Nadassy"]
[Site "Budapest"]
[Date "2023.04.03"]
[Round "3"]
[White "Xu, Gordon"]
[Black "Torok, Tamas Titusz"]
[Result "0-1"]
[WhiteElo "1869"]
[BlackElo "1962"]
[PlyCount "106"]
[EventDate "2023.04.01"]
[EventType "schev"]
[EventRounds "12"]
[EventCountry "HUN"]
[SourceTitle "EXT 2024"]
[Source "ChessBase"]
[SourceDate "2023.10.10"]
[SourceVersion "1"]
[SourceVersionDate "2023.10.10"]
[SourceQuality "1"]
[WhiteTeam "Team Lower Elo"]
[BlackTeam "Team Higher Elo	"]
[WhiteTeamCountry "HUN"]
[BlackTeamCountry "HUN"]

1. e4 e5 2. Nf3 Nc6 3. Bb5 a6 4. Ba4 Nge7 5. c3 Ng6 6. 0-0 d5 7. exd5 Qxd5 8. Bb3 Qd3 9. Ng5 Be7 10. Bxf7+ Kf8 11. Bxg6 hxg6 12. Nf3 Bg4 13. h3 Rxh3 14. Re1 Rxf3 15. gxf3 Bxf3 16. Re3 Qxe3 17. dxe3 Bxd1 18. e4 Bc2 19. Nd2 Rd8 20. Kf1 Bg5 21. Ke1 Ke7 22. b3 Rh8 23. Ke2 Bxd2 24. Bxd2 Bxe4 25. Ke3 Bf5 26. Rg1 Rh3+ 27. Ke2 Kf7 28. Rg5 Nd8 29. Rg1 Ne6 30. Be3 Nf4+ 31. Bxf4 exf4 32. c4 Rc3 33. Ra1 f3+ 34. Kd2 Rd3+ 35. Ke1 Rd4 36. a3 Bc2 37. b4 Rxc4 38. Rc1 Bd3 39. Rxc4 Bxc4 40. Kd2 g5 41. Kc3 g4 42. Kxc4 g3 43. fxg3 f2 44. b5 f1Q+ 45. Kb4 Qxb5+ 46. Kc3 Qd5 47. Kb2 Kg6 48. Ka1 Qd2 49. a4 Kf6 50. a5 Ke5 51. g4 Kd4 52. g5 Kc3 53. g6 Qb2# 0-1

[Event "Budapest BSSZ Schev"]
[Site "Budapest"]
[Date "2022.08.22"]
[Round "5"]
[White "Torok, Tamas Titusz"]
[Black "Toth, Lili1111"]
[Result "1-0"]
[WhiteElo "1951"]
[BlackElo "1911"]
[PlyCount "51"]
[EventDate "2022.08.18"]
[EventType "schev"]
[EventRounds "10"]
[EventCountry "HUN"]
[SourceTitle "CBM 210 Extra"]
[Source "ChessBase"]
[SourceDate "2022.11.30"]
[SourceVersion "1"]
[SourceVersionDate "2022.11.30"]
[SourceQuality "1"]
[WhiteTeam "Masters"]
[BlackTeam "Candidates"]
[WhiteTeamCountry "HUN"]
[BlackTeamCountry "HUN"]

1. e4 e5 2. Nf3 Nc6 3. c3 d5 4. Qa4 f6 5. d3 Be6 6. Nbd2 Bd6 7. Be2 Nge7 8. d4 0-0 9. 0-0 exd4 10. Nxd4 Nxd4 11. cxd4 Bf4 12. exd5 Nxd5 13. Ne4 b6 14. g3 Bxc1 15. Raxc1 f5 16. Nd2 Qf6 17. Rfe1 Rad8 18. Bf1 f4 19. Ne4 Qh6 20. Rc6 Rde8 21. Ng5 Qxg5 22. Rcxe6 Rxe6 23. Rxe6 f3 24. Re5 Qd2 25. Rxd5 Qxb2 26. Rd7 1-0

[Event "Budapest BSSZ Schev"]
[Site "Budapest"]
[Date "2022.08.21"]
[Round "4"]
[White "Singgih, Diajeng Theresa"]
[Black "Torok, Tamas Titusz"]
[Result "1/2-1/2"]
[WhiteElo "1972"]
[BlackElo "1951"]
[PlyCount "67"]
[EventDate "2022.08.18"]
[EventType "schev"]
[EventRounds "10"]
[EventCountry "HUN"]
[SourceTitle "CBM 210 Extra"]
[Source "ChessBase"]
[SourceDate "2022.11.30"]
[SourceVersion "1"]
[SourceVersionDate "2022.11.30"]
[SourceQuality "1"]
[WhiteTeam "Candidates"]
[BlackTeam "Masters"]
[WhiteTeamCountry "HUN"]
[BlackTeamCountry "HUN"]

1. e4 e5 2. Nf3 Nc6 3. Bb5 a6 4. Ba4 Nge7 5. 0-0 Ng6 6. c3 d5 7. exd5 Qxd5 8. Bb3 Qd3 9. Re1 Be7 10. Bc2 Qd6 11. d4 exd4 12. Nxd4 Nxd4 13. Qxd4 0-0 14. Bxg6 hxg6 15. Bf4 Qxd4 16. cxd4 Bb4 17. Nc3 c6 18. a3 Bxc3 19. bxc3 Be6 20. a4 b5 21. Ra3 Rfd8 22. Bc7 Re8 23. Re3 Bc4 24. g3 Rac8 25. Bd6 Rcd8 26. Be7 Rd7 27. Bc5 Rdd8 28. axb5 axb5 29. Ra7 Ra8 30. Ree7 Bd5 31. f4 Red8 32. Kf2 Rxa7 33. Rxa7 Re8 34. Re7 1/2-1/2

[Event "Budapest BSSZ Schev"]
[Site "Budapest"]
[Date "2022.08.19"]
[Round "2"]
[White "Jaivardhan, Raja Pilla"]
[Black "Torok, Tamas Titusz"]
[Result "1/2-1/2"]
[WhiteElo "1780"]
[BlackElo "1951"]
[PlyCount "51"]
[EventDate "2022.08.18"]
[EventType "schev"]
[EventRounds "10"]
[EventCountry "HUN"]
[SourceTitle "CBM 210 Extra"]
[Source "ChessBase"]
[SourceDate "2022.11.30"]
[SourceVersion "1"]
[SourceVersionDate "2022.11.30"]
[SourceQuality "1"]
[WhiteTeam "Candidates"]
[BlackTeam "Masters"]
[WhiteTeamCountry "HUN"]
[BlackTeamCountry "HUN"]

1. e4 e5 2. Nf3 Nc6 3. d4 exd4 4. Nxd4 Bb4+ 5. c3 Bc5 6. Be3 Bb6 7. Nf5 g6 8. Bxb6 axb6 9. Ne3 Nf6 10. Bd3 Qe7 11. 0-0 0-0 12. c4 Nb4 13. Nc3 c6 14. a3 Na6 15. b4 d6 16. Qc2 Re8 17. f4 Nc7 18. Qf2 b5 19. cxb5 d5 20. bxc6 bxc6 21. e5 d4 22. Nc4 dxc3 23. exf6 Qxf6 24. Ne5 Nd5 25. Bc4 Be6 26. Bxd5 1/2-1/2

[Event "Budapest Vezerkepzo FM 04"]
[Site "Budapest"]
[Date "2022.04.27"]
[Round "2"]
[White "Torok, Tamas Titusz"]
[Black "Anishka, Vikram"]
[Result "1-0"]
[WhiteElo "2008"]
[BlackElo "2000"]
[PlyCount "103"]
[EventDate "2022.04.26"]
[EventType "schev"]
[EventRounds "9"]
[EventCountry "HUN"]
[SourceTitle "CBM 208 Extra"]
[Source "ChessBase"]
[SourceDate "2022.07.31"]
[SourceVersion "1"]
[SourceVersionDate "2022.07.31"]
[SourceQuality "1"]
[WhiteTeam "Old Generation"]
[BlackTeam "Young generation"]
[WhiteTeamCountry "HUN"]
[BlackTeamCountry "IND"]

1. e4 c5 2. c3 d5 3. exd5 Qxd5 4. d4 Nc6 5. Nf3 Bg4 6. dxc5 Qxd1+ 7. Kxd1 e5 8. Be3 f5 9. h3 Bxf3+ 10. gxf3 f4 11. Bd2 Bxc5 12. Be1 0-0-0+ 13. Kc2 Nf6 14. Nd2 a6 15. Rg1 g6 16. b4 Bb6 17. a4 Nd5 18. Nc4 Bc7 19. b5 axb5 20. axb5 Nce7 21. h4 Nb6 22. Nxb6+ Bxb6 23. Rg5 Nf5 24. Bh3 Rdf8 25. Bxf5+ gxf5 26. Ra8+ Kd7 27. Rg7+ Kd6 28. Rxf8 Rxf8 29. Rxb7 Bc7 30. c4 Rc8 31. Bb4+ Ke6 32. Kb3 e4 33. b6 Bd8 34. Rxh7 e3 35. fxe3 fxe3 36. Rh6+ Kd7 37. Rd6+ Ke8 38. c5 Be7 39. Re6 Kf7 40. Rxe3 Bxh4 41. b7 Rb8 42. c6 Bg3 43. c7 Bxc7 44. Re7+ Kf6 45. Rxc7 Ke6 46. Kc4 f4 47. Kb5 Kd5 48. Rd7+ Ke6 49. Rd6+ Ke5 50. Kc6 Rg8 51. Kc7 Rg7+ 52. Rd7 1-0

[Event "Budapest FS08 Nadassy"]
[Site "Budapest"]
[Date "2019.08.07"]
[Round "5"]
[White "Torok, Tamas Titusz"]
[Black "Hari, Charan Sai Kalluri"]
[Result "1-0"]
[WhiteElo "1998"]
[BlackElo "1634"]
[PlyCount "119"]
[EventDate "2019.08.03"]
[EventType "team-swiss"]
[EventRounds "10"]
[EventCountry "HUN"]
[SourceTitle "EXT 2020"]
[Source "ChessBase"]
[SourceDate "2019.10.17"]
[SourceVersion "1"]
[SourceVersionDate "2019.10.17"]
[SourceQuality "1"]
[WhiteTeam "Higher Elo"]
[BlackTeam "Lower Elo"]
[WhiteTeamCountry "HUN"]
[BlackTeamCountry "HUN"]

1. e4 c5 2. c3 Nf6 3. e5 Nd5 4. d4 cxd4 5. Nf3 d6 6. cxd4 e6 7. a3 Nc6 8. Bd3 Qa5+ 9. Bd2 Qb6 10. Nc3 Be7 11. exd6 Bxd6 12. Nxd5 exd5 13. Qe2+ Be6 14. Bf5 Kd7 15. Bxe6+ fxe6 16. Bc3 h6 17. 0-0 g5 18. h3 Rag8 19. b4 h5 20. b5 Nd8 21. Ne5+ Bxe5 22. dxe5 g4 23. h4 g3 24. Rfd1 Rg4 25. Qe3 Qxe3 26. fxe3 Rxh4 27. Bd4 b6 28. a4 Nb7 29. Rf1 Ke7 30. Rac1 Nc5 31. Bxc5+ bxc5 32. Rxc5 Rxa4 33. Rc7+ Kd8 34. Rfc1 Re8 35. Kf1 h4 36. Rh7 Re7 37. Rh8+ Re8 38. Rh7 Rf8+ 39. Ke2 Ra3 40. Rxh4 Rf2+ 41. Ke1 Rxe3+ 42. Kd1 Rd3+ 43. Ke1 Re3+ 44. Kd1 Rf1+ 45. Kd2 Rxc1 46. Kxe3 Kc7 47. Rh7+ Kb6 48. Kf4 Re1 49. Kxg3 Rxe5 50. Kf3 Rf5+ 51. Ke3 Rg5 52. Kf3 Rf5+ 53. Ke3 Rg5 54. Kf3 d4 55. Rd7 Rd5 56. Rxd5 exd5 57. g4 Kc5 58. g5 Kd6 59. Ke2 Ke5 60. Kd3 1-0

[Event "HUN-chT2 Erkel 1819"]
[Site "Hungary"]
[Date "2019.04.28"]
[Round "9.2"]
[White "Juhasz, Agoston Botond"]
[Black "Torok, Tamas Titusz"]
[Result "1/2-1/2"]
[WhiteElo "2174"]
[BlackElo "2094"]
[PlyCount "81"]
[EventDate "2018.10.28"]
[EventType "team-tourn"]
[EventRounds "9"]
[EventCountry "HUN"]
[SourceTitle "EXT 2021"]
[Source "ChessBase"]
[SourceDate "2020.10.23"]
[SourceVersion "1"]
[SourceVersionDate "2020.10.23"]
[SourceQuality "1"]
[WhiteTeam "Budapest MTK II"]
[BlackTeam "Pestszentlorinc"]
[WhiteTeamCountry "HUN"]
[BlackTeamCountry "HUN"]

1. e4 e5 2. Nf3 Nc6 3. Bb5 Nd4 4. Nxd4 exd4 5. 0-0 Bc5 6. Bc4 d6 7. d3 Nf6 8. Bg5 h6 9. Bh4 g5 10. Bg3 Bg4 11. f3 Be6 12. Bxe6 fxe6 13. f4 Qe7 14. Nd2 0-0-0 15. a3 h5 16. b4 Bb6 17. a4 a6 18. Nc4 Ng4 19. fxg5 Qxg5 20. Bf4 Qg7 21. h3 Ne5 22. Bxe5 dxe5 23. Qd2 Rhg8 24. Rf3 Rdf8 25. Raf1 Rxf3 26. Rxf3 Ba7 27. b5 axb5 28. axb5 Bc5 29. g3 b6 30. Kg2 Kb7 31. Qf2 Qd7 32. Rf7 Qxb5 33. Rxc7+ Kxc7 34. Qf7+ Be7 35. Qxg8 Qa4 36. Nxe5 Qxc2+ 37. Kf1 Qd1+ 38. Kf2 Qd2+ 39. Kf1 Qc1+ 40. Kg2 Qd2+ 41. Kf1 1/2-1/2